| 000 | 00605cam a2200181 a 4500 | ||
|---|---|---|---|
| 020 | _a0471578681 (acidfree paper) | ||
| 040 | _cDLC | ||
| 082 | 0 | 0 | _a576 WIL 1995 A029 Or. |
| 100 | 1 | _aTate, Robert L., | |
| 245 | 1 | 0 | _aSoil microbiology / |
| 260 |
_aNew York : _bWiley, _cc1995. |
||
| 300 |
_axviii, 398 p. : _bill. ; _c25 cm. |
||
| 650 | 0 | _aSoil microbiology. | |
| 856 | 4 | 2 | _uhttp://www.loc.gov/catdir/enhancements/fy0607/94022272-b.html |
| 856 | 4 | 2 | _uhttp://www.loc.gov/catdir/enhancements/fy0607/94022272-d.html |
| 856 | 4 | 1 | _uhttp://www.loc.gov/catdir/enhancements/fy0607/94022272-t.html |
| 942 | _cEK | ||
| 999 |
_c11396 _d11396 |
||